LA ADMINISTRACION PUBLICA DEL ESTADO CAPITALISTA (Registro nro. 14899)
[ vista simple ]
| 000 -LEADER | |
|---|---|
| fixed length control field | 00539nam a2200193 a 4500 |
| 001 - CONTROL NUMBER | |
| control field | 14899 |
| 005 - DATE AND TIME OF LATEST TRANSACTION | |
| control field | 20180713203440.0 |
| 008 - FIXED-LENGTH DATA ELEMENTS--GENERAL INFORMATION | |
| fixed length control field | 140415s1988 mx 000 0 spa d |
| 041 ## - LANGUAGE CODE | |
| Language code of text/sound track or separate title | spa |
| 082 ## - DEWEY DECIMAL CLASSIFICATION NUMBER | |
| Classification number | 350 |
| Item number | GUE |
| 100 1# - MAIN ENTRY--PERSONAL NAME | |
| Personal name | GUERRERO, OMAR |
| 245 13 - TITLE STATEMENT | |
| Title | LA ADMINISTRACION PUBLICA DEL ESTADO CAPITALISTA |
| 250 ## - EDITION STATEMENT | |
| Edition statement | 2a ed. |
| 260 ## - PUBLICATION, DISTRIBUTION, ETC. | |
| Place of publication, distribution, etc. | MEXICO : |
| Name of publisher, distributor, etc. | DISTRIBUIDORES FONTAMARA, |
| Date of publication, distribution, etc. | 1988 |
| 300 ## - PHYSICAL DESCRIPTION | |
| Extent | 277 |
| 490 ## - SERIES STATEMENT | |
| Series statement | FONTAMARA |
| Volume/sequential designation | 22 |
| 650 14 - SUBJECT ADDED ENTRY--TOPICAL TERM | |
| Topical term or geographic name entry element | ADMINISTRACION PUBLICA |
| 700 1# - ADDED ENTRY--PERSONAL NAME | |
| Personal name | Rodríguez Araujo, Octavio, |
| Relator term | pról. |
| Withdrawn status | Lost status | Source of classification or shelving scheme | Damaged status | Not for loan | Home library | Current library | Shelving location | Date acquired | Source of acquisition | Total Checkouts | Full call number | Barcode | Price effective from | Koha item type | Collection code | Inventory number | Date last seen |
|---|---|---|---|---|---|---|---|---|---|---|---|---|---|---|---|---|---|
| No inventariado | Dewey Decimal Classification | Biblioteca Karol Wojtyla | Biblioteca Karol Wojtyla | 03/12/2013 | Compra | 350 GUE | 22155 | 03/12/2013 | Libro | ||||||||
| Dewey Decimal Classification | Biblioteca Karol Wojtyla | Biblioteca Karol Wojtyla | Sala general | 03/12/2013 | Compra | 350 GUE | 32278 | 03/12/2013 | Libro | General | 151000000000000000048751 | 05/01/2026 |